Länder auf Polnisch - Statistiken

Allgemein
  • Dieses Quiz wurde 127 mal gespielt
  • Das Durchschnittsergebnis liegt bei 11 aus 14
Antwortstatistiken
Frage Antwort % Korrekt
Meksyk Mexiko
97%
Austria Österreich
97%
Seszele Seychellen
94%
Łotwa Lettland
91%
Kostaryka Costa Rica
88%
Wybrzeże Kości Słoniowej Elfenbeinküste
85%
Wyspy Świętego Tomasza i Książęca São Tomé und Príncipe
85%
Niemcy Deutschland
82%
Węgry Ungarn
76%
Stany Zjednoczone Vereinigte Staaten
76%
Gruzja Georgien
71%
Szwecja Schweden
59%
Włochy Italien
53%
Republika Zielonego Przylądka Kap Verde
53%
Keine übereinstimmenden Quizze gefunden
Verteilung der Resultate
Anzahl Personen mit jedem Resultat
Perzentil nach korrekt beantworteten Fragen
Ihre Resultats-Entwicklung
Sie haben dieses Quiz noch nicht gespielt